000 00878naa a2200205 4500
001 216219232
003 UA-OsUOA
005 20200915090131.0
008 200915b un ||||| |||| 00| 0 ukr d
040 _aUA-OsUOA
_bukr
_cUA-OsUOA
_dUA-OsUOA
041 _aukr
080 _a908
090 _a908
100 _aХудолій А.
245 _aКафедра англійської філології
_cАнатолій Худолій
300 _aС. 672–673
650 _2UDC
773 0 _0463113
_9460413
_bвид. 3-тє, доповн. і перероб.
_dВидавництво Національного університету Острозька академія 2019 Острог
_o162755
_tОстрозька академія: історія та сучасність культурно-освітнього осередку
_z9789662347364
942 _2udc
_cBKA
999 _c463298
_d463298